XI Roku 2023 wg. Tygodnika "Piłka Nożna" (Europa) - Statystyki

Ogólne statystyki
  • Ten quiz został rozwiązany 294 razy
  • Średni wynik to 10 z 11
Statystyki odpowiedzi
Pozycja Kraj Klub Zawodnik % Poprawnych
ŚN Norwegia Man City Erling Haaland
98%
LS / ŚN Francja PSG Kylian Mbappe
98%
BR Niemcy Barcelona Marc-Andre ter Stegen
97%
ŚPO Anglia Dortmund / Real M. Jude Bellingham
96%
PS Anglia Arsenal Bukayo Saka
93%
ŚPD Hiszpania Man City Rodri
93%
PO Portugalia Man City / Bayern / Barcelona Joao Cancelo
92%
LO Francja Milan Theo Hernandez
89%
ŚO Portugalia Man City Ruben Dias
88%
ŚPO Francja Atletico Antoine Griezmann
79%
ŚO Włochy Inter Alessandro Bastoni
72%
Nie znaleziono quizów pasujących do podanych kryteriów
Rozkład punktacji
Procent ludzi z każdym wynikiem
Percentyl według liczby udzielonych odpowiedzi
Twoja historia wyników
Nie rozwiązałeś tego quizu